000 01290cam a22003617a 4500
003 CHAP
005 20220329140432.0
008 971013s1976 r 00010 d
010 _a51906
011 _a52878
035 _a57028
040 _cCHAP
090 _aTesis
100 0 0 _aSánchez Cárdenas, Francisco Javier.
_9107425
245 0 _aRevisión bibliográfica de la cisticercosis bovina Cysticercus bovis, Cysticercus cellulosae
260 _aMéxico, D.F. :
_bEl autor,
_c1976
300 _a107 h.
502 _aTesis (Médico Veterinario Zootecnista) -- UNAM> Fac. de medicina Veterinaria y Zootecnia
590 _aALEPH
_b10
_c20130110
_lUCH01
_h1328
590 _aBATCH-UPD
_b10
_c20130110
_lUCH01
_h0345
590 _aBATCH-UPD
_b10
_c20130110
_lUCH01
_h2316
590 _aBATCH-UPD
_b10
_c20130410
_lUCH01
_h0019
590 _aBATCH-UPD
_b10
_c20130410
_lUCH01
_h1607
590 _aBATCH-UPD
_b10
_c20130914
_lUCH01
_h1134
590 _aCONVERSION
_b10
_c20130109
_lUCH01
_h1328
650 1 4 _aCysticercus bovis.
_930815
650 1 4 _aCysticercus cellulosae.
_930816
650 1 4 _aGanado porcino
_xParásitos
_xBibliografía.
_945394
650 1 4 _aGanado vacuno
_xParásitos
_xBibliografía.
_945501
901 _aBK
942 _cTESIS
949 _bBC
_cTES
_d-124229
_eTS1
_i57028
_si
999 _c51906
_d51906